000
00271nam a22001217a 4500
008
180828b xxu||||| |||| 00| 0 eng d
041
_a
eng
080
_a
711
100
_a
45
101
_a
ART
245
_a
THE TREASURE HOUSE OF BRITAIN
_c
BROWN.C.J
942
_2
udc
_c
BK
999
_c
47372
_d
47372